000 00175nam a2200073Ia 4500
008 170523s9999 xx 000 0 und d
100 _aRASTOGI SANDHYA
245 0 _aGENEROL ECONOMICS
260 _aMEERUT: ANAND
999 _c10875
_d10875